Basic electrical engineering (Record no. 7166)

000 -LEADER
fixed length control field 00658nam a2200217 4500
001 - CONTROL NUMBER
control field 7166
003 - CONTROL NUMBER IDENTIFIER
control field BD-DhUET
008 - FIXED-LENGTH DATA ELEMENTS--GENERAL INFORMATION
fixed length control field 740521s1975 nyua 001 0 eng
020 ## - INTERNATIONAL STANDARD BOOK NUMBER
International Standard Book Number 0070211523
040 ## - CATALOGING SOURCE
Original cataloging agency DLC
Transcribing agency DLC
Modifying agency BD-DhUET
082 00 - DEWEY DECIMAL CLASSIFICATION NUMBER
Classification number 623
Item number FIT/1975
100 1# - MAIN ENTRY--PERSONAL NAME
Personal name Fitzgerald, A. E.
245 10 - TITLE STATEMENT
Title Basic electrical engineering
Remainder of title circuits,electronics,machines,control
Statement of responsibility, etc. by A. E. Fitzgerald, David E. Higginbotham and Arvin Grabel
250 ## - EDITION STATEMENT
Edition statement 4th ed.
260 ## - PUBLICATION, DISTRIBUTION, ETC. (IMPRINT)
Place of publication, distribution, etc. New York
Name of publisher, distributor, etc. McGraw-Hill
Date of publication, distribution, etc. 1975
300 ## - PHYSICAL DESCRIPTION
Extent xiv, 817 p.
Other physical details illus.
Dimensions 24 cm.
650 #0 - SUBJECT ADDED ENTRY--TOPICAL TERM
Topical term or geographic name as entry element Electricity : Engineering
700 ## - ADDED ENTRY--PERSONAL NAME
Personal name Higginbotham, David E.
700 ## - ADDED ENTRY--PERSONAL NAME
Personal name Grabel, Arvin
942 ## - ADDED ENTRY ELEMENTS (KOHA)
Koha item type General Book
Holdings
Koha full call number Withdrawn status Price effective from Damaged status Lost status Copy number Shelving location Koha issues (times borrowed) Koha item type Koha date last borrowed Not for loan Koha date last seen Location (home branch) Sublocation or collection (holding branch) Koha normalized classification for sorting Date acquired Source of classification or shelving scheme Piece designation (barcode)
623/PIT/1975 2014-12-07  1Circulation section1General Book2018-07-21 2018-08-04Central Library, BUETCentral Library, BUET623PIT19752014-12-07 65364
623/PIT/1975 2015-03-12  2Circulation section General Book  2015-03-12Central Library, BUETCentral Library, BUET623_000000000000000_PIT_19752015-03-12 43309
623/PIT/1975 2015-03-12  3Circulation section General Book  2015-03-12Central Library, BUETCentral Library, BUET623_000000000000000_PIT_19752015-03-12 43314
623/PIT/1975 2015-03-12  4Circulation section General Book  2015-03-12Central Library, BUETCentral Library, BUET623_000000000000000_PIT_19752015-03-12 43676
623/PIT/1975 2015-03-12  5Circulation section General Book  2015-03-12Central Library, BUETCentral Library, BUET623_000000000000000_PIT_19752015-03-12 42843
623/FIT/1975 2015-04-16  6Circulation section General Book  2015-04-16Central Library, BUETCentral Library, BUET623_000000000000000_FIT_19752015-04-16 43308
623/FIT/1975 2015-04-18  7Circulation section General Book  2015-04-18Central Library, BUETCentral Library, BUET623_000000000000000_FIT_19752015-04-18 43316
623/FIT/1975 2015-04-21  8Circulation section General Book  2015-04-21Central Library, BUETCentral Library, BUET623_000000000000000_FIT_19752015-04-21 43310
623/FIT/1975 2015-04-21  9Circulation section General Book  2015-04-21Central Library, BUETCentral Library, BUET623_000000000000000_FIT_19752015-04-21 43677
623/FIT/1975 2015-04-21  10Circulation section General Book  2015-04-21Central Library, BUETCentral Library, BUET623_000000000000000_FIT_19752015-04-21 43313
623/FIT/1975 2015-04-21  11Circulation section General Book  2015-04-21Central Library, BUETCentral Library, BUET623_000000000000000_FIT_19752015-04-21 43307
623/FIT/1975 2015-04-21  12Circulation section General Book  2015-04-21Central Library, BUETCentral Library, BUET623_000000000000000_FIT_19752015-04-21 51101
623/FIT/1975 2015-06-28  13Reading section Reading Item  2015-06-28Central Library, BUETCentral Library, BUET623_000000000000000_FIT_19752015-06-28 42841
623/FIT/1975 2015-06-28  14Reading section Reading Item  2015-06-28Central Library, BUETCentral Library, BUET623_000000000000000_FIT_19752015-06-28 42840
623/FIT/1975 2015-06-28  15Reading section Reading Item  2015-06-28Central Library, BUETCentral Library, BUET623_000000000000000_FIT_19752015-06-28 43679